00644nam a2200229 a 4500001001300000003000900013005001700022008004100039020001000080082001400090100001600104245004900120260002700169300000900196500003500205505001300240700001600253902000800269942000700277952011500284999001500399nice12345678IN_TiNIC20260116012402.0050524s1990 bana grp 000 0 eng  ac10000a201bCHA1 aChandy, K K aQuest for Community and Dynamic Non-Violence aBangalorebCISRSc1990 a434p aincludes index and biblioraphy2 aEpilogue1 aChandy, K K bSRS cBK 001040708StackRoom-aHMIbHMId2007-03-19g100.00l0o201 CHA1p013913r2007-03-19v100.00w2005-05-24yBK c6802d6802